Central Library OPAC University of Rajshahi

ত্রৈলোক্য-রচনাসম্ভার / (Record no. 49078)

MARC details
000 -LEADER
fixed length control field 01073nam a2200241 a 4500
001 - CONTROL NUMBER
control field 49078
003 - CONTROL NUMBER IDENTIFIER
rucl marc code BD-RjUL
005 - DATE AND TIME OF LATEST TRANSACTION
control field 20211209054630.0
008 - FIXED-LENGTH DATA ELEMENTS--GENERAL INFORMATION
fixed length control field 160817s1967 ii ||||| |||| 00| 0 ben d
020 ## - INTERNATIONAL STANDARD BOOK NUMBER
Terms of availability : IRs.12.00
035 ## - SYSTEM CONTROL NUMBER
System control number (BD-RjUL)49197
040 ## - CATALOGING SOURCE
Original cataloging agency BD-RjUL
Language of cataloging ben
Transcribing agency BD-RjUL
Modifying agency BD-RjUL
041 ## - LANGUAGE CODE
Language code of text/sound track or separate title ben
082 ## - DEWEY DECIMAL CLASSIFICATION NUMBER
Edition number 23
Classification number 891.4408
Author mark and year MUT 1967
100 ## - MAIN ENTRY--PERSONAL NAME
Personal name মুখোপাধ্যায়, ত্রৈলোক্যনাথ
9 (RLIN) 147644
245 10 - TITLE STATEMENT
Title ত্রৈলোক্য-রচনাসম্ভার /
Statement of responsibility, etc. ত্রৈলোক্যনাথ মুখোপাধ্যায়, প্রমথনাথ বিশী সম্পাদিত
260 ## - PUBLICATION, DISTRIBUTION, ETC. (IMPRINT)
Place of publication, distribution, etc. কলিকাতা :
Name of publisher, distributor, etc. মিত্র ও ঘোষ,
Date of publication, distribution, etc. ১৯৬৭ (১৩৭৪)
300 ## - PHYSICAL DESCRIPTION
Pagination [২২], ৫৫০ পৃ. ;
Size ২৩ সেমি.
650 ## - SUBJECT ADDED ENTRY--TOPICAL TERM
Topical term or geographic name as entry element বাংলা সাহিত্য
Form subdivision সংগ্রহ
9 (RLIN) 122719
Topical term or geographic name as entry element Bengali literature
Form subdivision Collection
9 (RLIN) 122720
700 ## - ADDED ENTRY--PERSONAL NAME
Personal name বিশী, প্রমথনাথ সম্পাদিত
942 ## - ADDED ENTRY ELEMENTS (KOHA)
Source of classification or shelving scheme Dewey Decimal Classification
Koha item type Books
Holdings
Lost status Source of classification or shelving scheme Damaged status Not for loan Collection code Permanent Location Current Location Shelving location Date acquired Source of acquisition Total Checkouts Full call number Date last seen Copy number Koha item type Cost, normal purchase price
  Dewey Decimal Classification     Non-fiction Central Library, University of Rajshahi Central Library, University of Rajshahi   18/08/1973 Indian govt. gift   B 891.4408 MUT 1967 17/08/2016 C-2 Books  
  Dewey Decimal Classification     Non-fiction Central Library, University of Rajshahi Central Library, University of Rajshahi   08/10/1974 Janathan Wren & co., London   B 891.4408 MUT 1967 17/08/2016 C-3 Books 12.00
  Dewey Decimal Classification     Non-fiction Central Library, University of Rajshahi Central Library, University of Rajshahi   01/06/1973 wtassBangla Library   B 891.4408 MUT 1967 20/08/2016 C-5 Books 12.00